000 00606nam a2200181 a 4500
005 20240607063638.0
008 991125s1911 mx 000 0 spa u
035 _aUPN01000018957
049 _aLT
050 4 _aLB1582 M6.1
_bC3.4
100 1 _aCadena, Longinos,
_d1862-1933
_928621
245 1 0 _aElementos de historia general y de historia patria :
_bprimer año /
_cL. Cadena
260 _aMéxico :
_bHerrero,
_c1911
300 _a172 p. :
_bil.
500 _a"Para el primer año de educación primaria superior"
651 4 _aMéxico
_xHistoria
_xEstudio y enseñanza (Elemental)
_95376
905 _aLibro
999 _c18957
_d18957